Ciudades en emojis (Parte 3) - Estadísticas

Estadísticas generales
  • Esta prueba ha sido intentada 45 veces
    38 desde el último reinicio
  • La puntuación promedio es 12 de 20
Estadísticas de respuestas
Imagen Respuesta % Correcto
Hiroshima
94%
Ámsterdam
81%
Fráncfort del Meno
78%
Moscú
78%
Múnich
78%
San Petersburgo
78%
Hamburgo
72%
Berlín
66%
Bombay
63%
Calcuta
63%
Vancouver
63%
Fukushima
59%
Viena
59%
Montreal
53%
Bangalore
50%
Estocolmo
50%
Macao
38%
Nashville
28%
Melbourne
22%
Bakú
13%
No se encontraron pruebas coincidentes
Distribución de puntuación
Porcentaje de gente con cada puntuación
Porcentaje por número respondido
Historial de tus puntuaciones
No has intentado esta prueba desde el último reinicio